[Event "38th Olympiad"]
[Site "Dresden GER"]
[Date "2008.11.20"]
[Round "7"]
[White "Dominguez,JM"]
[Black "Irwanto,S"]
[Result "0-1"]
[WhiteElo "2345"]
[BlackElo "2441"]
[EventDate "2008.11.13"]

1. Nf3 Nf6 2. b4 e6 3. a3 c5 4. bxc5 Bxc5 5. e3 b6 6. Be2 Bb7 7. O-O O-O 8.
c4 d5 9. Bb2 dxc4 10. Bxc4 Nbd7 11. d4 Bd6 12. Nbd2 Rc8 13. Bd3 Be7 14. e4
Nc5 15. Qe2 Nxd3 16. Qxd3 Qc7 17. Rfc1 Qf4 18. Re1 Qc7 19. Rac1 Qd7 20.
Rxc8 Rxc8 21. d5 exd5 22. Bxf6 Bxf6 23. e5 Be7 24. Nd4 Qa4 25. N2b3 Qc4 26.
Qf5 Qc3 27. Rd1 g6 28. Qg4 h5 29. Qf4 Qc7 30. Re1 Re8 31. h4 Bf8 32. Qg5
Be7 33. Qg3 Bc8 34. Rc1 Bc5 35. Kh1 Rxe5 36. Nxc5 bxc5 37. Nb5 Qe7 38. Nxa7
Bd7 39. a4 Re4 40. Qb8+ Kh7 41. a5 Re1+ 42. Rxe1 Qxe1+ 43. Kh2 Qxa5 44. Qf4
Be6 45. Nc6 Qb6 46. Ne5 Qb4 47. Qg5 Kg7 48. Nf3 f6 49. Qe3 Qb6 50. Qf4 Qd8
51. g3 d4 52. Qe4 Bd5 53. Qf4 Bxf3 54. Qxf3 Qc7 55. Qxh5 Kg8 0-1

[Event "38th Olympiad"]
[Site "Dresden GER"]
[Date "2008.11.20"]
[Round "7"]
[White "Purnama,T"]
[Black "Hernandez,Gu DOM"]
[Result "0-1"]
[WhiteElo "2417"]
[BlackElo "2360"]
[EventDate "2008.11.13"]

1. Nf3 Nf6 2. c4 e6 3. g3 c5 4. Nc3 Nc6 5. Bg2 d5 6. cxd5 Nxd5 7. d4 Be7 8.
e4 Ndb4 9. d5 exd5 10. exd5 Nd4 11. Nxd4 cxd4 12. Ne4 O-O 13. O-O Re8 14.
Re1 Nxd5 15. Qxd4 Nb4 16. Qc4 Be6 17. Qe2 Qd3 18. Qh5 Nc2 19. Bg5 Nxe1 20.
Rxe1 h6 21. Bxe7 Rxe7 22. a3 Qd4 23. b4 Rd8 24. Qh4 Rde8 25. Qh5 b6 26. h4
Bc8 27. Rd1 Qe5 28. Qxe5 Rxe5 29. Kh2 Kf8 30. Nc3 Be6 31. Rd4 Rc8 32. Rd3
Bf5 33. Rf3 g6 34. Nd1 Rc1 35. Nb2 Re2 36. Na4 Rcc2 37. Kg1 Bg4 38. Rf4 Bd7
39. Bd5 f5 40. b5 Bxb5 41. h5 Re5 42. Bb7 g5 43. Rd4 Re1+ 44. Kg2 Ree2 45.
Rd8+ Ke7 0-1

[Event "38th Olympiad"]
[Site "Dresden GER"]
[Date "2008.11.20"]
[Round "7"]
[White "Jaquez,J"]
[Black "Farid,F"]
[Result "0-1"]
[WhiteElo "2223"]
[BlackElo "2154"]
[EventDate "2008.11.13"]

1. e4 c5 2. Nf3 d6 3. d4 cxd4 4. Nxd4 Nf6 5. Nc3 a6 6. Bg5 e6 7. f4 Be7 8.
Qf3 h6 9. Bh4 Qc7 10. O-O-O Nbd7 11. Bf2 b5 12. Bd3 Bb7 13. g4 g5 14. fxg5
Ne5 15. Qe2 hxg5 16. h3 b4 17. Na4 Nxd3+ 18. Rxd3 Bxe4 19. Re1 Bxd3 20.
Qxd3 Qb7 21. Qe3 d5 22. Nxe6 fxe6 23. Qxe6 Rf8 24. Bd4 Qd7 25. Qe5 Kf7 26.
Nb6 Qd6 27. Qxg5 Rab8 28. Na4 Rfc8 29. Rf1 Rh8 30. Be5 Rbg8 31. Qf4 Qc6 32.
g5 Qc4 33. gxf6 Qxf4+ 34. Rxf4 Bf8 35. Rf3 Rg2 36. c3 Bh6+ 37. Kb1 Re8 38.
Bg3 Ree2 39. Be5 0-1

[Event "38th Olympiad"]
[Site "Dresden GER"]
[Date "2008.11.20"]
[Round "7"]
[White "Matamoros Franco,C"]
[Black "Bakr,J"]
[Result "1-0"]
[WhiteElo "2525"]
[BlackElo "2338"]
[EventDate "2008.11.13"]

1. Nf3 Nf6 2. c4 g6 3. g3 Bg7 4. Bg2 O-O 5. O-O d6 6. d4 Nbd7 7. Nc3 e5 8.
e4 Re8 9. h3 exd4 10. Nxd4 a6 11. Be3 Rb8 12. b3 c5 13. Nde2 b5 14. Qxd6
bxc4 15. bxc4 Bf8 16. Qd1 Ne5 17. Qxd8 Rxd8 18. Bg5 1-0

[Event "38th Olympiad"]
[Site "Dresden GER"]
[Date "2008.11.20"]
[Round "7"]
[White "Albonni,A"]
[Black "Pazos Gambarrotti,P"]
[Result "0-1"]
[WhiteElo "2202"]
[BlackElo "2327"]
[EventDate "2008.11.13"]

1. c4 e6 2. Nf3 d5 3. g3 Nf6 4. Bg2 Be7 5. O-O O-O 6. b3 a5 7. Nc3 Nbd7 8.
Bb2 c6 9. d3 Nc5 10. Rc1 a4 11. cxd5 exd5 12. d4 a3 13. Ba1 Nce4 14. Ne5
Nd6 15. Na4 Bf5 16. Bc3 Nb5 17. f3 Nxc3 18. Rxc3 Qa5 19. Rc1 Bb4 20. g4 Bc8
21. Rc2 Bd6 22. h3 Re8 23. Nd3 Qc7 24. Nc3 Qb6 25. Nf2 Re3 26. Na4 Qc7 27.
Nc5 b6 28. Ncd3 Ba6 29. Qc1 Qe7 30. Rxc6 Rxe2 31. Re1 Bg3 32. Rxe2 Qxe2 33.
Rc2 Qe7 34. Bf1 Re8 35. Re2 Qd6 36. Rxe8+ Nxe8 37. Kg2 h5 38. f4 Bh4 39.
Ne5 Bb7 40. Nfd3 Nc7 41. Qe3 Qe7 42. Qd2 hxg4 43. hxg4 Bf6 44. Kg3 Ne6 45.
Nb4 g5 46. fxg5 Bxg5 47. Qc3 Bf4+ 48. Kg2 Bxe5 0-1

[Event "38th Olympiad"]
[Site "Dresden GER"]
[Date "2008.11.20"]
[Round "7"]
[White "Aucay Pelaez,M"]
[Black "Hamad,Ah"]
[Result "1-0"]
[WhiteElo "2335"]
[BlackElo "2287"]
[EventDate "2008.11.13"]

1. e4 d5 2. exd5 Nf6 3. Nf3 Qxd5 4. d4 Bg4 5. Be2 Nc6 6. Be3 O-O-O 7. Nbd2
e6 8. h3 Bxf3 9. Bxf3 Qb5 10. a4 Qxb2 11. Bxc6 bxc6 12. O-O c5 13. Rb1 Qa2
14. Qe2 cxd4 15. Qa6+ Kd7 16. Bxd4 Bd6 17. Nc4 Qxc2 18. Nxd6 cxd6 19. Rfc1
Qg6 20. Rc7+ Ke8 21. Qc6+ Kf8 22. Rbb7 e5 23. Qc4 d5 24. Qc5+ Kg8 25. Rc8
Re8 26. Rbb8 h5 27. Rxe8+ Nxe8 28. Rxe8+ Kh7 29. Rxh8+ Kxh8 30. Bxe5 f6 31.
Bd4 Qb1+ 32. Kh2 Qb8+ 33. g3 h4 34. Qxd5 hxg3+ 35. fxg3 Qb1 36. Bf2 Qc2 37.
Qd4 a6 38. h4 Kh7 39. a5 Qf5 40. Qd2 g5 41. hxg5 fxg5 42. Be3 g4 43. Bf4
Qe6 44. Qd3+ Kg8 45. Qd8+ Kh7 46. Qh4+ Kg7 47. Qg5+ Kh7 48. Qh5+ Kg8 49.
Qe5 Qa2+ 50. Kg1 Qb1+ 51. Kf2 Qc2+ 52. Ke3 Qb3+ 53. Ke4 Qb1+ 54. Kd5 Qb5+
55. Ke6 Qe8+ 56. Kf5 Qh5+ 57. Bg5 Kh7 58. Qf6 1-0

[Event "38th Olympiad"]
[Site "Dresden GER"]
[Date "2008.11.20"]
[Round "7"]
[White "Hakki,I"]
[Black "Macias Murillo,B"]
[Result "1-0"]
[WhiteElo "2422"]
[BlackElo "2333"]
[EventDate "2008.11.13"]

1. e4 c5 2. Nf3 e6 3. Nc3 a6 4. d4 cxd4 5. Nxd4 Qc7 6. Be2 Nf6 7. O-O Be7
8. f4 d6 9. Be3 O-O 10. a4 Nc6 11. Kh1 Re8 12. a5 Nxa5 13. e5 dxe5 14. fxe5
Nd7 15. Bf4 b6 16. Nd5 exd5 17. e6 Qb7 18. exf7+ Kxf7 19. Bxa6 Rxa6 20.
Qh5+ Kg8 21. Qxe8+ Nf8 22. Bg5 Bf6 23. Bxf6 gxf6 24. Rxf6 Qg7 25. Raf1 1-0

[Event "38th Olympiad"]
[Site "Dresden GER"]
[Date "2008.11.20"]
[Round "7"]
[White "Kojima,S"]
[Black "Baburin,A"]
[Result "0-1"]
[WhiteElo "2272"]
[BlackElo "2544"]
[EventDate "2008.11.13"]

1. Nf3 d5 2. d4 Nf6 3. c4 e6 4. Nc3 Nbd7 5. Bf4 Bb4 6. e3 c5 7. Bd3 dxc4 8.
Bxc4 Nb6 9. Bb5+ Bd7 10. O-O Bxc3 11. Bxd7+ Qxd7 12. bxc3 cxd4 13. cxd4 O-O
14. Qb3 Qa4 15. Rab1 Qxb3 16. Rxb3 Rfc8 17. Rfb1 Ne4 18. h3 f6 19. R3b2 Rc6
20. Ne1 Nc3 21. Ra1 Rd8 22. Bh2 Rdc8 23. Nd3 Nca4 24. Rb3 Rc2 25. Bg3 Rd2
26. Kh2 Kf7 27. Bd6 Rcc2 28. Nb4 Rb2 29. Rc1 Rxf2 30. Rxb2 Rxb2 31. Rc7+
Kg6 32. Bf8 Kf5 33. Rxg7 Ke4 34. Rg4+ Kxe3 35. Bh6+ Ke2 36. a3 f5 37. Rg3
Nd5 38. Nxd5 exd5 39. Re3+ Kf1 40. Rf3+ Rf2 41. Kg3 Rxf3+ 42. Kxf3 Nc3 43.
Be3 h5 44. g3 Ne2 45. Bg5 Nxd4+ 46. Kf4 Ne6+ 47. Ke5 0-1

[Event "38th Olympiad"]
[Site "Dresden GER"]
[Date "2008.11.20"]
[Round "7"]
[White "Kelly,B"]
[Black "Baba,M"]
[Result "1-0"]
[WhiteElo "2488"]
[BlackElo "2220"]
[EventDate "2008.11.13"]

1. c4 Nf6 2. Nc3 e5 3. g3 Nc6 4. Bg2 Bc5 5. a3 a6 6. e3 d6 7. Nge2 O-O 8.
d4 exd4 9. exd4 Ba7 10. O-O Re8 11. h3 h6 12. b4 Rb8 13. Bf4 Ne7 14. Rc1
Ng6 15. Be3 Be6 16. Qd3 c6 17. Rfe1 d5 18. c5 Qd7 19. g4 h5 20. f3 Rbc8 21.
Nf4 Nh4 22. Bf2 Nxg2 23. Kxg2 Bb8 24. Nce2 Re7 25. Bh4 hxg4 26. hxg4 Bxg4
27. fxg4 Qxg4+ 28. Qg3 Qf5 29. Rf1 Rxe2+ 30. Nxe2 Qe4+ 31. Qf3 Qxh4 32. Rh1
Qg5+ 33. Kf1 Re8 34. Qh3 Kf8 35. Rg1 Qh5 36. Qxh5 Nxh5 37. a4 Re4 38. Rd1
g6 39. b5 axb5 40. axb5 Bc7 41. Rd3 cxb5 42. Kf2 Nf6 43. Rb1 b6 44. Nc3
Rf4+ 45. Rf3 Ne4+ 46. Nxe4 Rxe4 47. Rxb5 bxc5 48. dxc5 g5 49. Rf5 g4 50.
Rb7 Re7 51. c6 d4 52. Rg5 g3+ 53. Kf1 f6 54. Rd5 Rh7 55. Rxd4 f5 56. Ra4
Re7 57. Raa7 1-0

[Event "38th Olympiad"]
[Site "Dresden GER"]
[Date "2008.11.20"]
[Round "7"]
[White "Uesugi,S"]
[Black "Collins,S IRL"]
[Result "1-0"]
[WhiteElo "2222"]
[BlackElo "2412"]
[EventDate "2008.11.13"]

1. Nf3 c5 2. g3 Nc6 3. d4 cxd4 4. Nxd4 g6 5. Bg2 Bg7 6. Nb3 Nf6 7. Nc3 d6
8. O-O O-O 9. e4 Bg4 10. f3 Be6 11. f4 b5 12. Nd5 Rc8 13. Kh1 Re8 14. a4 a6
15. axb5 axb5 16. Be3 Nd7 17. c3 b4 18. Ra4 bxc3 19. bxc3 Ncb8 20. c4 Nc5
21. Nxc5 dxc5 22. f5 Bd7 23. Ra7 Rf8 24. Bf4 Bd4 25. f6 exf6 26. Bxb8 Kg7
27. Bc7 Rxc7 28. Rxc7 1-0

[Event "38th Olympiad"]
[Site "Dresden GER"]
[Date "2008.11.20"]
[Round "7"]
[White "Kakageldyev,A"]
[Black "Rizouk,A"]
[Result "1/2-1/2"]
[WhiteElo "2449"]
[BlackElo "2507"]
[EventDate "2008.11.13"]

1. d4 Nf6 2. c4 e6 3. Nc3 Bb4 4. Qc2 d5 5. cxd5 exd5 6. Bg5 c5 7. a3 Bxc3+
8. bxc3 O-O 9. Nf3 Nbd7 10. e3 Qa5 11. Bd3 cxd4 12. Bxf6 Nxf6 13. Nxd4 Bd7
14. O-O Rac8 15. Rfc1 Rc7 16. a4 a6 17. Qb2 Rfc8 18. Ra3 Ne4 19. Nb3 Qb6
20. a5 Qd6 21. Bxe4 dxe4 22. Nd4 h6 23. Rb3 Qd5 24. Ra1 Qg5 25. Kh1 Qd5 26.
Kg1 Qg5 27. Kh1 Qd5 28. Kg1 Qg5 29. Kh1 Qd5 30. Kg1 Qg5 1/2-1/2

[Event "38th Olympiad"]
[Site "Dresden GER"]
[Date "2008.11.20"]
[Round "7"]
[White "Sebih,K"]
[Black "Esenov,An"]
[Result "0-1"]
[WhiteElo "2295"]
[BlackElo "2319"]
[EventDate "2008.11.13"]

1. d4 Nf6 2. c4 g6 3. Nc3 Bg7 4. e4 d6 5. f3 O-O 6. Be3 Nc6 7. Nge2 a6 8.
Nc1 e5 9. d5 Nd4 10. Nb3 Nxb3 11. Qxb3 c5 12. g4 Rb8 13. h4 h5 14. g5 Ne8
15. a4 Bd7 16. Qa3 Kh7 17. b4 b6 18. Rb1 f6 19. Be2 Rc8 20. Kd2 Rf7 21.
bxc5 bxc5 22. a5 Bf8 23. Rb6 Ra8 24. Kd3 Be7 25. Qc1 f5 26. Qa3 Qc8 27.
Rhb1 Bd8 28. Rb7 Bc7 29. Bd2 Kg8 30. R7b3 Ng7 31. Kc2 fxe4 32. fxe4 Bg4 33.
Bd3 Bh3 34. Rg1 Qf8 35. Nd1 Bd7 36. Be2 Qe8 37. Kc1 Qe7 38. Rb7 Bc8 39. Rb2
Bd7 40. Rb7 Bc8 41. Rb2 Qf8 42. Rg3 Bd7 43. Rbb3 Re8 44. Rb7 Bc8 45. Ra7
Bxa5 46. Rxf7 Bxd2+ 47. Kxd2 Qxf7 48. Rf3 Qe7 49. Rf6 Kh7 50. Qf3 Bg4 51.
Qf2 Qd7 52. Nc3 Re7 53. Bd3 Ne8 54. Rf8 Kg7 55. Bc2 Rf7 56. Rxf7+ Qxf7 57.
Qxf7+ Kxf7 58. Ba4 Nc7 59. Kc2 Ke7 60. Kb3 Bh3 61. Ka3 Bf1 62. Bb3 Na8 63.
Nd1 Be2 64. Ne3 Nb6 65. Kb2 Bd3 66. Kc3 Bxe4 67. Kb2 Kd7 68. Kc3 Kc7 69.
Ba2 Nc8 70. Nf1 Ne7 71. Ng3 Bf3 72. Bb1 Bg4 73. Bc2 Kd7 74. Ne4 Nf5 75.
Nf6+ Ke7 76. Bxf5 Bxf5 77. Ng8+ Kf7 78. Nf6 a5 0-1

[Event "38th Olympiad"]
[Site "Dresden GER"]
[Date "2008.11.20"]
[Round "7"]
[White "Haddouche,M"]
[Black "Amanov,M"]
[Result "0-1"]
[WhiteElo "2333"]
[BlackElo "2357"]
[EventDate "2008.11.13"]

1. e4 c5 2. Nf3 d6 3. Bb5+ Nd7 4. d4 cxd4 5. Qxd4 Ngf6 6. Nc3 a6 7. Bxd7+
Bxd7 8. O-O e6 9. Bg5 Be7 10. Rad1 Qc7 11. Rfe1 Rd8 12. Bxf6 Bxf6 13. Qxd6
Qxd6 14. Rxd6 Bxc3 15. bxc3 Ba4 16. Rb6 Rd7 17. Nd4 O-O 18. e5 Rc8 19. Re3
g5 20. Kf1 Rdc7 21. Ke2 Rxc3 22. Rxb7 R3c4 23. c3 Rxc3 24. Rb4 R3c4 25.
Rxc4 Rxc4 26. Kd3 Bb5 27. a3 Kg7 28. Re4 Rc5+ 29. Kd2 Kg6 30. h4 h6 31.
hxg5 hxg5 32. g4 Bc4 33. Re3 Bd5 34. f3 Ra5 35. Nc2 Bb7 36. Nb4 Rc5 37. Nc2
Rc4 38. Ne1 Bd5 39. Rc3 Rd4+ 40. Rd3 Ra4 41. Rc3 Ra5 42. Ke3 Rb5 43. Nd3
Rb1 44. Nb4 Bb7 45. Nc2 a5 46. Kd2 Bd5 47. Nd4 a4 48. Re3 Kg7 49. Rc3 Ra1
50. Nb5 Rf1 51. Ke2 Rb1 52. Nc7 Bb7 53. Ne8+ Kg6 54. Nd6 Rb3 55. Re3 Bd5
56. Kf2 Rb2+ 57. Re2 Rb1 58. Re3 Ra1 59. Rc3 Ra2+ 60. Ke3 Rb2 61. Ne4 Rb8
62. Nc5 Bb3 63. Nd7 Rb5 64. f4 Bd1 65. f5+ exf5 66. Rc6+ Kg7 67. gxf5 Rb3+
68. Kd4 Bg4 69. f6+ Kg6 70. Nf8+ Kf5 71. Nd7 Bh5 72. e6 fxe6 73. Rc5+ Kf4
74. Ne5 Rxa3 75. Nd3+ Kg4 76. Nf2+ Kh4 77. Ne4 Rf3 78. Ra5 Bg6 79. Nxg5
Rxf6 80. Kc3 Rf5 81. Rxf5 exf5 82. Nf3+ Kh5 83. Nd4 f4 84. Kb4 Be8 85. Kc3 Kg4 
86. Kd3 a3 87. Kc2 Bf7 88. Kc1 Bc4 89. Kc2 Kg3 90. Kc3 Kg2 91. Kc2 Kf2 92. Kc3 a2 
93. Kb2 Ke3 94. Nf5+ Ke4 95. Nh4 Bd5 96. Ka1 Kd4 97. Kb2 Ke4 98. Ka1 Kd4 99. Kb2 Be4 
100. Kxa2 Ke3 101. Kb3 Kf2 102. Kc4 Kg3 103. Kd4 Kxh4 104. Kxe4 Kg3 105. Kd4 0-1

[Event "38th Olympiad"]
[Site "Dresden GER"]
[Date "2008.11.20"]
[Round "7"]
[White "Juarez Flores,C"]
[Black "Paciencia,E"]
[Result "1-0"]
[WhiteElo "2358"]
[BlackElo "2440"]
[EventDate "2008.11.13"]

1. e4 e5 2. Bc4 Nf6 3. Qe2 Nc6 4. Nf3 Bc5 5. d3 d6 6. c3 a6 7. Bb3 Be6 8.
Nbd2 h6 9. Nf1 Qd7 10. Ng3 O-O 11. O-O Rfe8 12. Be3 Ba7 13. Nh4 d5 14. Bxa7
Rxa7 15. Nhf5 Raa8 16. Qf3 dxe4 17. dxe4 Bxb3 18. axb3 Qe6 19. b4 Rad8 20.
Rad1 Rxd1 21. Rxd1 Rd8 22. Rxd8+ Nxd8 23. h3 Nc6 24. Nf1 Kh7 25. N5e3 Ne7
26. Nd2 b5 27. Ng4 Nd7 28. Qd3 c5 29. bxc5 Nxc5 30. Qd8 Na4 31. Qc7 Ng6 32.
b3 Nb2 33. c4 Nd3 34. Nf3 b4 35. g3 Nc1 36. Qc5 Nxb3 37. Qxb4 Nd4 38. Nxd4
exd4 39. f3 h5 40. Nf2 Qe5 41. f4 Qf6 42. h4 Qd8 43. c5 Ne7 44. Qc4 a5 45.
Qxf7 d3 46. Qxh5+ Kg8 47. Qd1 d2 48. Kf1 Qd4 49. Ke2 Qc4+ 50. Kxd2 Qxc5 51.
Qb3+ Kf8 52. Nd3 Qd4 53. Qb7 a4 54. Ke2 Qc4 55. Ke3 Nc6 56. Qc8+ Ke7 57.
Qc7+ Kf8 58. Qd6+ Ke8 59. f5 Qc3 60. e5 Ne7 61. Qb8+ Kd7 62. Qb5+ Kd8 63.
e6 Qc7 64. Ke4 a3 65. Nb4 Qa7 66. h5 Qc7 67. h6 gxh6 68. f6 Nc8 69. Nc6+
Ke8 70. Qh5+ 1-0

[Event "38th Olympiad"]
[Site "Dresden GER"]
[Date "2008.11.20"]
[Round "7"]
[White "Goh Weiming"]
[Black "Lorenzana,W"]
[Result "1/2-1/2"]
[WhiteElo "2420"]
[BlackElo "2202"]
[EventDate "2008.11.13"]

1. e4 c5 2. Nf3 e6 3. d4 cxd4 4. Nxd4 a6 5. Nc3 Qc7 6. Bd3 Nc6 7. Be3 Nf6
8. O-O Be7 9. f4 d6 10. Kh1 O-O 11. Qf3 Re8 12. Qg3 e5 13. fxe5 dxe5 14.
Nf5 Bxf5 15. Rxf5 Nb4 16. Raf1 Kh8 17. Bg5 Nh5 18. Qf3 f6 19. Be3 g6 20.
Rxh5 gxh5 21. Qxh5 Nxd3 22. cxd3 Rg8 23. Rf3 Bd8 24. Bf2 Qd7 25. Bg3 Rg5
26. Qh6 Qg7 27. Qh3 Rg4 28. Bf2 Rc8 29. g3 b5 30. a3 Rc6 31. Nd5 Rc1+ 32.
Kg2 Rc6 33. b4 a5 34. bxa5 Bxa5 35. Nxf6 Rg6 36. Nd5 h6 37. Qh5 Rce6 38.
Rf5 Bd8 39. Qd1 Rg5 40. Rf3 Re8 41. Qb3 Qd7 42. Qb4 Reg8 43. Rf8 h5 44.
Rxg8+ Kxg8 45. Qb3 Kh8 46. Be3 Rg7 47. Qb2 Qe6 48. Qxb5 h4 49. Bf2 h3+ 50.
Kg1 Bg5 51. d4 exd4 52. Bxd4 Qxe4 53. Bxg7+ Kh7 54. Nf4 Bxf4 55. Qh5+ Kxg7
56. Qg4+ Kh7 57. Qh4+ Kg7 58. Qg4+ 1/2-1/2

[Event "38th Olympiad"]
[Site "Dresden GER"]
[Date "2008.11.20"]
[Round "7"]
[White "Quinones,Ces"]
[Black "Chan Wei Xuan,T"]
[Result "1/2-1/2"]
[WhiteElo "2312"]
[BlackElo "2264"]
[EventDate "2008.11.13"]

1. Nf3 Nf6 2. d4 e6 3. Bg5 c5 4. Nc3 cxd4 5. Qxd4 Nc6 6. Qh4 Be7 7. e4 d6
8. O-O-O Qa5 9. Bd3 h6 10. Rhe1 O-O 11. Bxh6 gxh6 12. e5 Nxe5 13. Nxe5 dxe5
14. Re3 Ng4 15. Qxg4+ Bg5 16. h4 f5 17. Qg3 f4 18. Qg4 fxe3 19. hxg5 Qc7
20. gxh6+ Kh8 21. fxe3 Qe7 22. Qg3 Bd7 23. Qxe5+ Qf6 24. Qc7 Rad8 25. Qh2
Bc6 26. g4 Qg5 27. Re1 Rf6 28. Qc7 Rxh6 29. Qf4 Qxf4 30. exf4 Rf8 31. g5
Rh1 32. Rxh1+ Bxh1 33. Ne2 Bf3 34. Nd4 Bg4 35. Kd2 Rxf4 36. Ke3 Rf8 37. Nb5
Kg7 38. Nd6 b6 39. a3 Bh5 40. Ne4 Bg6 41. Kd4 Bf5 42. Ke5 Kg6 43. a4 Rd8
44. Nd6 Rf8 45. Nxf5 exf5 46. Kf4 a5 47. c3 Rf7 48. Bc2 Rf8 49. Bd3 Rf7 50.
Bb1 Rf8 51. Bc2 Rf7 52. Bd3 Rf8 53. b4 axb4 54. cxb4 Rf7 55. a5 bxa5 56.
bxa5 Ra7 57. a6 Rf7 58. Bb5 Rc7 59. Be8+ Kg7 60. Bb5 Kg6 61. Be8+ Kg7 62.
Bb5 1/2-1/2

[Event "38th Olympiad"]
[Site "Dresden GER"]
[Date "2008.11.20"]
[Round "7"]
[White "Chan Yi Ren,D"]
[Black "Galvez Dastin,E"]
[Result "1-0"]
[WhiteElo "2260"]
[BlackElo "2178"]
[EventDate "2008.11.13"]

1. e4 c6 2. d4 d5 3. Nc3 dxe4 4. Nxe4 Nf6 5. Nxf6+ gxf6 6. Nf3 Bg4 7. Be2
Qc7 8. Be3 e6 9. Qd2 Nd7 10. O-O-O O-O-O 11. h3 Bh5 12. Bf4 Bd6 13. Bxd6
Qxd6 14. Qa5 Bxf3 15. Bxf3 Kb8 16. Rd3 Nb6 17. Rhd1 h5 18. Ra3 Qf4+ 19. Kb1
Rxd4 20. Qxa7+ Kc7 21. Rxd4 Qxd4 22. Rc3 Kc8 23. a3 Qxf2 24. Bxc6 bxc6 25.
Rxc6+ Kd8 26. Qb8+ Ke7 27. Qd6+ Ke8 28. Rc7 1-0

[Event "38th Olympiad"]
[Site "Dresden GER"]
[Date "2008.11.20"]
[Round "7"]
[White "Ziska,H"]
[Black "Kobese,W"]
[Result "1-0"]
[WhiteElo "2416"]
[BlackElo "2369"]
[EventDate "2008.11.13"]

1. e4 e5 2. Nc3 Nf6 3. Bc4 Nc6 4. d3 Na5 5. f4 Nxc4 6. dxc4 Bb4 7. Qd3 d6
8. Nge2 O-O 9. f5 h6 10. g4 b5 11. g5 bxc4 12. Qf3 Nxe4 13. Qxe4 d5 14. Qf3
hxg5 15. Be3 c6 16. a3 Bd6 17. h4 g4 18. Qxg4 Qf6 19. Ng3 e4 20. Nh5 Qg6
21. Qe2 Qxf5 22. O-O-O Qf3 23. Rhg1 g6 24. Bd4 Be7 25. Qxf3 exf3 26. Rdf1
Bb7 27. Nf6+ Bxf6 28. Bxf6 c5 29. Na4 Rfc8 30. Rxf3 d4 31. Rf5 Kf8 32. Rxc5
Bc6 33. Rxc4 Be4 34. Nc5 Bd5 35. Nd7+ Ke8 36. Rxc8+ Rxc8 37. Ne5 Be4 38.
Re1 Bxc2 39. Nxg6+ Kd7 40. Re7+ Kd6 41. Be5+ Kc6 42. Kxc2 Kd5+ 1-0

[Event "38th Olympiad"]
[Site "Dresden GER"]
[Date "2008.11.20"]
[Round "7"]
[White "Solomon,K"]
[Black "Olsen,H"]
[Result "1-0"]
[WhiteElo "2337"]
[BlackElo "2376"]
[EventDate "2008.11.13"]

1. d4 d5 2. Nf3 Nf6 3. c4 c6 4. e3 a6 5. b3 Bg4 6. Be2 e6 7. O-O Nbd7 8.
Bb2 Bd6 9. Nbd2 Qb8 10. h3 Bh5 11. Nh4 Bxe2 12. Qxe2 O-O 13. Nhf3 Re8 14.
Rad1 e5 15. dxe5 Nxe5 16. cxd5 cxd5 17. Nd4 Qc8 18. N2f3 Ng6 19. Qc2 Qd8
20. Nf5 Bb4 21. Bxf6 Qxf6 22. Rxd5 Rac8 23. Qd3 Qb2 24. Rd7 b5 25. Rxf7
Kxf7 26. Ng5+ Kf6 27. Nxh7+ Ke6 28. Nd4+ Kd7 29. Qxg6 Rc1 30. Qxg7+ Kc8 31.
Qg4+ Kc7 32. Rxc1+ Qxc1+ 33. Kh2 Re5 34. Nf3 Re7 35. Qxb4 Rxh7 36. a4 Qc2
37. Qf4+ Kb6 38. Nd4 Qc5 39. Qf6+ Ka5 40. Nc6+ Kb6 41. Nd4+ Ka5 42. axb5
axb5 43. g3 Kb4 44. h4 Qd5 45. Qf8+ Ka5 46. Qf3 Qd7 47. Qc6 1-0

[Event "38th Olympiad"]
[Site "Dresden GER"]
[Date "2008.11.20"]
[Round "7"]
[White "Poulsen,Ma"]
[Black "Cawdery,D"]
[Result "1/2-1/2"]
[WhiteElo "2281"]
[BlackElo "2265"]
[EventDate "2008.11.13"]

1. Nf3 Nf6 2. g3 g6 3. Bg2 Bg7 4. O-O O-O 5. d4 d6 6. c4 c5 7. Nc3 cxd4 8.
Nxd4 Nc6 9. Nxc6 bxc6 10. Bxc6 Rb8 11. Bg2 Bb7 12. e4 Qc7 13. Nd5 Nxd5 14.
cxd5 Ba6 15. Re1 Bxb2 16. Bxb2 Rxb2 17. Qd4 Rc2 18. e5 dxe5 19. Rxe5 Rc1+
20. Re1 Rxa1 21. Rxa1 Rc8 22. Bf1 Bxf1 23. Rxf1 Qc5 24. Rd1 Qxd4 25. Rxd4
Rd8 26. Ra4 1/2-1/2

[Event "38th Olympiad"]
[Site "Dresden GER"]
[Date "2008.11.20"]
[Round "7"]
[White "Mabusela,J"]
[Black "Andreasen,Jo"]
[Result "0-1"]
[WhiteElo "2273"]
[BlackElo "2179"]
[EventDate "2008.11.13"]

1. e4 e6 2. d4 d5 3. Nc3 Nf6 4. e5 Nfd7 5. Nf3 c5 6. dxc5 Bxc5 7. Bd3 Nc6
8. Bf4 a6 9. O-O b5 10. Re1 Bb4 11. Bd2 Be7 12. Bf4 Bb7 13. Bg3 g5 14. h3
h5 15. Qe2 Nc5 16. a3 Qb6 17. b4 Nxd3 18. cxd3 O-O-O 19. Rec1 Kb8 20. a4 g4
21. Nd2 gxh3 22. gxh3 Rhg8 23. Kh2 Bg5 24. f4 h4 25. fxg5 hxg3+ 26. Kg2
Rxg5 27. Nf3 Rf5 28. Rf1 d4 29. Ne4 Ne7 30. Nxg3 Nd5 31. Kh2 Nc3 32. Qg2
Rg8 33. a5 Qc6 34. Nh4 Qxg2+ 35. Nxg2 Rfg5 0-1

[Event "38th Olympiad"]
[Site "Dresden GER"]
[Date "2008.11.20"]
[Round "7"]
[White "Grooten,H"]
[Black "Amir,K"]
[Result "1-0"]
[WhiteElo "2376"]
[BlackElo "2265"]
[EventDate "2008.11.13"]

1. d4 Nf6 2. c4 e6 3. Nf3 Bb4+ 4. Nbd2 b6 5. a3 Bxd2+ 6. Bxd2 Bb7 7. g3 Ne4
8. Be3 d6 9. Bg2 Nd7 10. O-O Qe7 11. Qc2 f5 12. Ng5 Ndf6 13. Nh3 c5 14. b4
cxd4 15. Bxd4 e5 16. Bb2 g5 17. Qa4+ Kf8 18. Bxe4 Nxe4 19. f3 Nd2 20. Rfc1
g4 21. Qc2 gxh3 22. Qxd2 h5 23. c5 Rd8 24. Qe3 f4 25. cxd6 fxe3 26. dxe7+
Kxe7 27. Bxe5 Rhe8 28. Rc3 Rd2 29. Rxe3 Kd7 30. Rc1 Rc8 31. Bc3 Ra2 32.
Rd1+ Kc6 33. Be5 Kb5 34. Kf2 Bc6 35. Rd4 Ka4 36. Bd6 Bb5 37. Rd5 Rcc2 38.
Rde5 Rd2 39. Bb8 a6 40. Bc7 Rxa3 41. R3e4 Rb3 42. Rxh5 Rxb4 43. Rhh4 Rxe4
44. Rxe4+ Ka5 45. Re6 Bc4 46. Bxb6+ Kb5 47. Re4 Rd6 48. Bc7 Rd7 49. Re5+
Bd5 50. Bb8 Kb4 51. Re7 Rd8 52. Bc7 Rc8 53. g4 Bc6 54. g5 a5 55. g6 a4 56.
Bd6+ Kb5 57. Re5+ Ka6 58. g7 Rg8 59. Bf8 Kb6 60. Rg5 Bd7 61. e4 Bb5 62. Ke3
Be8 63. Kd4 Kc6 64. Ke5 Bf7 65. Kf6 Bb3 66. Rh5 a3 67. Bxa3 Ra8 68. Bf8 Kd7
69. Rd5+ Bxd5 70. exd5 Ra6+ 71. Kf5 1-0

[Event "38th Olympiad"]
[Site "Dresden GER"]
[Date "2008.11.20"]
[Round "7"]
[White "Waqar,M"]
[Black "Mensing,F"]
[Result "1-0"]
[WhiteElo "2207"]
[BlackElo "2119"]
[EventDate "2008.11.13"]

1. e4 d6 2. d4 Nf6 3. Nc3 g6 4. f3 Bg7 5. Be3 Nbd7 6. Qd2 O-O 7. O-O-O c6
8. g4 Qa5 9. Kb1 e5 10. d5 Nc5 11. Nge2 Rd8 12. Bg5 Bd7 13. h4 b5 14. dxc6
Bxc6 15. Nc1 Ne6 16. Nb3 Qb6 17. Be3 Nc5 18. g5 Nh5 19. Nd5 Bxd5 20. Qxd5
Rac8 21. Bh3 Rb8 22. Nxc5 dxc5 23. Qxc5 Qa5 24. Qxa7 Qb4 25. Qc7 Rdc8 26.
Bxc8 1-0

[Event "38th Olympiad"]
[Site "Dresden GER"]
[Date "2008.11.20"]
[Round "7"]
[White "Ahmed,Has"]
[Black "Flanders,C"]
[Result "1-0"]
[WhiteElo "2253"]
[BlackElo "2021"]
[EventDate "2008.11.13"]

1. d4 d5 2. c4 c6 3. Nc3 Nf6 4. Bg5 e6 5. e3 Nbd7 6. Nf3 Be7 7. Rc1 dxc4 8.
Bxc4 b5 9. Bd3 a6 10. O-O Bb7 11. Qe2 c5 12. Bxf6 gxf6 13. Rfd1 c4 14. Bc2
Nb6 15. d5 Qc7 16. dxe6 fxe6 17. Nd4 Bd6 18. Qh5+ Ke7 19. Qh3 Qd7 20. Bf5
Rag8 21. f3 Bxh2+ 1-0

[Event "38th Olympiad"]
[Site "Dresden GER"]
[Date "2008.11.20"]
[Round "7"]
[White "Lima,Da"]
[Black "Velasco,S"]
[Result "1-0"]
[WhiteElo "2488"]
[BlackElo "2287"]
[EventDate "2008.11.13"]

1. g3 e5 2. Bg2 f5 3. c4 Nf6 4. Nc3 Nc6 5. d3 d6 6. e4 Be7 7. Nge2 O-O 8.
h3 Be6 9. exf5 Bxf5 10. g4 Bg6 11. f4 Nd7 12. O-O exf4 13. Nxf4 Bf7 14.
Ncd5 Nb6 15. Be3 Bg5 16. Qd2 Qd7 17. Nh5 Bxe3+ 18. Qxe3 Nxd5 19. cxd5 Ne5
20. Nf4 Rfe8 21. Qg3 c5 22. Be4 Qa4 23. Rf2 c4 24. d4 Nd7 25. Ne6 Nf8 26.
Rxf7 Kxf7 27. Qxd6 Kg8 28. Rf1 Nxe6 29. dxe6 Rf8 30. Bf3 Rf6 31. g5 Rf5 32.
e7 Rxg5+ 33. Kh1 h6 34. Bd5+ Kh7 35. Be4+ 1-0